Statystyki dla Kraje które zdobyły $100b GDP w europie

Kliknij tutaj aby rozwiązać quiz!

Ogólne statystyki

  • Ten quiz został rozwiązany 16 razy
  • Średni wynik to 22 z 25

Statystyki odpowiedzi

HintOdpowiedź% Poprawnych
1974Hiszpania
100%
1900Niemcy
100%
1988Norwegia
100%
1994Polska
100%
1992Portugalia
100%
1930Rosja
100%
2014Słowacja
100%
1979Szwecja
100%
1920Wielka Brytania
100%
1969Włochy
100%
1987Austria
91%
2003Czechy
91%
1995Finlandia
91%
1920Francja
91%
1991Grecja
91%
1975Holandia
91%
2004Ukraina
91%
1980Belgia
82%
2023Bułgaria
82%
2006Rumunia
82%
1978Szwajcaria
82%
1987Dania
73%
2000Irlandia
73%
2004Węgry
64%
1986Turcja
55%

Rozkład punktacji

Percentyl według liczby udzielonych odpowiedzi

Procent ludzi z każdym wynikiem

Twoja historia wyników

Nie rozwiązałeś tego quizu